000
00369nam a2200157Ia 4500
008
151213s9999 xx 000 0 und d
020
_a
8220-0077-6
100
_a
Shakespeare
245
_a
Sonnets
_c
Shakespeare
260
_b
Cliff's Not's
_c
1965
300
_a
9063 p.
650
_a
English
650
_a
English (Nots)
700
_a
Shakespeare
999
_c
4698
_d
4698